| АИС "Историко-культурное наследие Беларуси" | ||
| Базовый | Расширенный | Профессиональный | Словарь персоналий | Тематический словарь | По видам объектов | История запросов Заказы | Регистрация | |
Запись в MARC-формате
| копировать MARC-запись |
=LDR 00000nx\\c2200217\\\45\\
=001 BY-NLB-ar1824354
=005 20160330095625.9
=100 \\$a20101027arusy50\\\\\\ca0
=152 \\$apsbo
=160 \\$ae-bw
=215 \\$aЦерковь во имя святителя Николая Чудотворца (Даниловичи, агрогородок; Ветковский район)
=300 1\$aПостроенная в 1861 г. деревянная церковь сгорела в 1915 г. В 1922–1926 гг. храм был восстановлен, но в 2006 г. снова сгорел. Новая каменная церковь освящена в 2009 г.
=356 \\$aНаходится в центре агрогородка Даниловичи Ветковского района Гомельской области.
=415 \\$aСвято-Никольская церковь (Даниловичи, агрогородок; Ветковский район)
=415 \\$aСвято-Никольский храм (Даниловичи, агрогородок; Ветковский район)
=515 \\$5w$3BY-NLB-ar1824634$aЦарква ў імя свяціцеля Мікалая Цудатворца (Данілавічы, аграгарадок; Веткаўскі раён)
=801 \0$aBY$bBY-HM0000$c20101027
=810 \\$aУдивительное всегда рядом / Е. Ващилова // Сретение. — 2010. — № 4. — С. 20—22.
=810 \\$aПраваслаўныя храмы Беларусі : энцыклапедычны даведнік / А. М. Кулагін. — Мінск, 2007.
=999 \\$f40$t20101027
=999 \\$h1848$t20101109
Чтобы вернуться назад, щелкните кнопку BACK на Вашем браузере